00505nam a2200109Ia 4500008004100000050003000041100003000071245015000101260008600251300002800337521003000365140724s9999 xx 000 0 und d aHF 5549.5.S38b.H912 2012 aHuldong, Gabrelle Helena. 2aA study on the Employee's perception of retention strategies in Shell Philippines Exploration - Business Ventures /cGabrielle Helena M. Huldong. aLas Piñas, Philippines :bSouthville International School and Colleges,cc2012. a66 p. :bill. ;c28 cm. aHuman Resource Management